Basic Indonesian - Click to Translate #3 - Statistics

General Stats
  • This quiz has been taken 29 times
  • The average score is 15 of 25
Answer Stats
Hint Explanation Answer % Correct
Jus Juice
73%
Restoran Restaurant
73%
Nasi Rice
73%
Meja Table
68%
Selamat Datang Welcome
68%
Sumpit Chopsticks
64%
Minuman Drink (noun)
64%
Mie Noodles
64%
Makan To eat
64%
Duduk To sit
64%
Tunggu Wait
64%
Kursi Chair
59%
Makanan Food
59%
Garpu Fork
59%
Pisau Knife
59%
Piring Plate
59%
Air Don't ask me why. It's pronounced ah-yir by the way. Water
59%
Dapur Kitchen
55%
Sendok Spoon
55%
Minum To drink
55%
Pesan To order
55%
Mangkuk Bowl
50%
Lapar Hungry
50%
Masak To cook
50%
Kenyang Full
45%
No matching quizzes found
Score Distribution
Percent of People with Each Score
Percentile by Number Answered
Your Score History
You have not taken this quiz